TURBAN (Kayıt no. 8023)

MARC ayrıntıları
000 -BAŞLIK
Sabit Uzunlukta Kontrol Alanı 00769na a2200253 4500
001 - KONTROL NUMARASI
Denetim Alanı 19943
003 - KONTROL NUMARASI IDENTIFIER
Denetim Alanı MIRAKIL
005 - SON İŞLEM TARİHİ VE ZAMANI
Denetim Alanı 20181213155157.0
008 - SABİT-BOY VERİ ELEMANLARI - GENEL BİLGİLER
Sabit Uzunlukta Kontrol Alanı 161228b tu 000 0
035 ## - SİSTEM KONTROL NUMARASI
Sistem Kontrol Numarası 19943
040 ## - KATALOGLAMA KAYNAK
Orijinal Kataloglama Ajansı Milas
Kataloglama Dili tur
Metne Dönüştürmek Ajansı TR-AnCHP
041 ## - DİL KODU
Metin / Ses Parça Veya Ayrı Başlığın Dil Kodu tur
082 ## - DEWEY ONLU SINIFLANDIRMA NUMARASI
Sınıflandırma Numarası 320.9561
Ürün Numarası T86 [t.y.]
090 ## - SINIFLAMA NUMARASI
Sınıflama Numarası 320.9561 T86 [t.y.]
245 ## - BAŞLIK TABLOSU
Başlık TURBAN
Başlığın Kalan bir çıplağı 40 harami ile soydular
Sorumluluk Tablosu, Vb araştırma Muzaffer Ayten
246 ## - UNVAN FORM VARYING
Başlık Doğru / Kısa Başlığı bir çıplağı 40 harami ile soydular
260 ## - YAYIN, DAĞITIM, VB
Yayın, Dağıtım, Vb Yeri Ankara
Yayın, Dağıtım, Vb Tarihi [t.y.]
Üretici Firma Kariyer Matbaacılık
300 ## - FİZİKSEL TANIM
Kapsam 304 s.
Boyutlar 20 sm.
500 ## - GENEL NOT
Genel Not Yapı adı başında : T.C. Başbakanlık
600 ## - KONU KATMA GİRİŞ - KURUMSAL ADI
Kişisel Ad Tansu Çiller
Genel Alt Bölümü Başbakan
Coğrafi Alt Bölümü Türkiye
650 ## - KONU KATMA GİRİŞ - TOPİKAL DÖNEM
Topikal Süreli Veya Coğrafi Ad Giriş Elemanı Siyaset ve yönetim
Coğrafi Alt Bölümü Türkiye
700 ## - KATMA GİRİŞ - KİŞİSEL İSİM
Kişisel Ad Ayten, Muzaffer
942 ## - EKLENDİ GİRİŞ ELEMANLARI (KOHA)
Sınıflandırma Veya Raf Düzeni Kaynak Dewey Decimal Classification
Koha Öğesi Türü Kitaplar
999 ## - SİSTEM KONTROL NUMARALARI (KOHA)
Koha Biblionumber 8023
Koha Biblioitemnumber 8023
Mevcut
Kalıcı Konum Mevcut Konum Edinme Tarihi Edinim Kaynak Toplam Check-Out'Lar Tam Çağrı Numarası Barkod Tarih Son Görülme İtibaren Geçerli Fiyatlar Koha Öğesi Türü
CHP Kütüphanesi CHP Kütüphanesi 12/28/2016 Bağış   320.9561 T86 [t.y.] 010891 12/28/2016 12/28/2016 Kitaplar